| 000 | 00810nam a22002297a 4500 | ||
|---|---|---|---|
| 005 | 20170124110016.0 | ||
| 010 | _aA-897941 | ||
| 020 |
_c00.00 _a8120719700 |
||
| 035 | _aA-897941 | ||
| 037 | _bCen Lib/Ret | ||
| 040 |
_aDPL _bEN |
||
| 082 |
_a331.892 _bSHE |
||
| 100 |
_aShenoy, P.D. _918812 |
||
| 245 |
_aStrikes:how to avoid them : _cby P.D.Shenoy _bresolution of industrial disputes through conciliation in India: an analysis of selected cases / |
||
| 260 |
_aNew Delhi _bSterling Publishers _c1997 |
||
| 270 |
_bNew Delhi _aL-10, Green Park Extension _e110016 |
||
| 300 |
_avi,168p. _c22cm(Hb) |
||
| 500 | _aIncludes bibliographical references and index | ||
| 650 |
_aArbitration, Industrial. _914643 |
||
| 650 |
_aStrikes and lockouts. _911050 |
||
| 942 |
_2ddc _cEN _h331.892 _mSHE |
||
| 999 |
_c126905 _d126905 |
||